| 000 | 00774nam a2200253 i 4500 | ||
|---|---|---|---|
| 001 | bg | ||
| 100 | 1 | _aDUBOWICKA, Anna | |
| 245 | 1 | 0 |
_aPrzewodnik do ćwiczeń laboratoryjnych Windows 3.1 : _b(Windows 3.1 → Windows 95) : pomoc dydaktyczna / _cAnna Dubowicka ; Politechnika Krakowska im. Tadeusza Kościuszki. |
| 246 | 1 | 4 | _aWindows 3.1 |
| 260 |
_aKraków : _bPK, _c1995. |
||
| 300 |
_a54 s. ; _c24 cm. |
||
| 490 | 1 | _aInformatyka Stosowana | |
| 500 | _aTyt okł. : Windows 3.1. | ||
| 630 | 0 | 9 | _aWindows |
| 655 | _aPodręczniki akademickie | ||
| 830 | _aInformatyka Stosowana | ||
| 020 | _a8390387808 | ||
| 040 | _cBPK | ||
| 041 | 0 | _apl | |
| 080 | _a681.322.066(075.8) | ||
| 920 | _a83-903878-0-8 | ||
| 942 | _cKS | ||
| 008 | s pl f |000 0 pol | ||
| 999 |
_c24870 _d24870 |
||
| 856 |
_uhttp://koha.tu.koszalin.pl/cgi-bin/koha/opac-detail.pl?biblionumber=24870 _yKatalog online BPK |
||